Challenging jurisdiction (Record no. 118215)

MARC details
000 -LEADER
fixed length control field 01952cam a2200253 4500
001 - CONTROL NUMBER
control field ABS68332
008 - FIXED-LENGTH DATA ELEMENTS--GENERAL INFORMATION
fixed length control field 041022n2004 000 0 eng u
035 ## - SYSTEM CONTROL NUMBER
System control number (Sirsi) u127800
100 ## - MAIN ENTRY--PERSONAL NAME
Personal name Brewer, G.
245 ## - TITLE STATEMENT
Title Challenging jurisdiction
260 ## - PUBLICATION, DISTRIBUTION, ETC.
Date of publication, distribution, etc. 2004
490 ## - SERIES STATEMENT
Series statement Contract Journal
Volume/sequential designation 425(6493) 15 September 2004, 50(1)
520 ## - SUMMARY, ETC.
Summary, etc. Discusses "McAlpine PPS Pipeline Systems Joint Venture v Transco plc" (QBD [2004] 8 BLR 352-373(22), which looked at grounds by which an adjudicator's decision can be challenged. Transco (T) had employed McAlpine (M) to carry out construction works and when a dispute arose as to payment, M referred the matter to adjudication. M claimed entitlement to interest under the contract when T failed to certify the amount due by the contract assessment date. T claimed it had not had the opportunity to view the whole claim against it. Adjudicator ordered M to give background to the compensation claims, which it did. T objected to the volume of evidence as not submitted previously and refused to pay M as ordered by the adjudicator. M brought proceedings to enforce the decision. Judge decided M was not entitled to summary judgment in respect of an adjudicator's decision in its favour, as T had a realistic chance of contending that the adjudicator gave a decision in a dispute not referred to him and acted beyond his jurisdiction.
590 ## - LOCAL NOTE (RLIN)
Local note ABS
590 ## - LOCAL NOTE (RLIN)
Local note ABS
650 ## - SUBJECT ADDED ENTRY--TOPICAL TERM
Topical term or geographic name entry element MCALPINE PPS PIPELINE SYSTEMS LTD V TRANSCO PLC
650 ## - SUBJECT ADDED ENTRY--TOPICAL TERM
Topical term or geographic name entry element Contracts
9 (RLIN) 6232
650 ## - SUBJECT ADDED ENTRY--TOPICAL TERM
Topical term or geographic name entry element MANAGEMENT-DISPUTE AVOIDANCE, MANAGEMENT AND RESOLUTION-DISPUTE MANAGEMENT AND RESOLUTION-ALTERNATIVE DISPUTE RESOLUTION-ADJUDICATION
650 ## - SUBJECT ADDED ENTRY--TOPICAL TERM
Topical term or geographic name entry element SUMMARY JUDGMENTS
650 ## - SUBJECT ADDED ENTRY--TOPICAL TERM
Topical term or geographic name entry element AWARDS
650 ## - SUBJECT ADDED ENTRY--TOPICAL TERM
Topical term or geographic name entry element -DISPUTE AVOIDANCE, MANAGEMENT AND RESOLUTION-DISPUTE MANAGEMENT AND RESOLUTION-ALTERNATIVE DISPUTE RESOLUTION-ADJUDICATION-ADJUDICATORS-ADJUDICATORS' JURISDICTION
690 ## - LOCAL SUBJECT ADDED ENTRY--TOPICAL TERM (OCLC, RLIN)
Topical term or geographic name as entry element DISPUTE RESOLUTION
9 (RLIN) 6236
942 ## - ADDED ENTRY ELEMENTS (KOHA)
Suppress in OPAC 0
Holdings
Withdrawn status Lost status Source of classification or shelving scheme Damaged status Not for loan Home library Current library Shelving location Date acquired Total Checkouts Full call number Barcode Date last seen Copy number Price effective from Koha item type
    Dewey Decimal Classification     London London Journal article 22/10/2004   ABS68332 127800-1001 06/08/2019 1 06/08/2019 Journal article